[Event "Nebug Rating"]
[Site "Nebug"]
[Date "2010.01.10"]
[Round "4"]
[White "Zhdanov, Andrey"]
[Black "Fedorov, Nikita"]
[Result "1-0"]
[WhiteElo "2051"]
[BlackElo "1705"]
[PlyCount "27"]
[EventDate "2010.01.07"]
[EventType "tourn"]
[EventRounds "11"]
[EventCountry "RUS"]
[SourceTitle "EXT 2023"]
[Source "ChessBase"]
[SourceDate "2022.10.05"]
[SourceVersion "1"]
[SourceVersionDate "2022.10.05"]
[SourceQuality "1"]

1. d4 d5 2. Nf3 Nf6 3. Bg5 e6 4. e3 Nbd7 5. Bd3 c6 6. Ne5 Bd6 7. f4 0-0 8. 0-0 c5 9. c3 b6 10. Rf3 a5 11. Rh3 g6 12. Qe1 Ba6 13. Bxa6 Rxa6 14. Nxd7 1-0

[Event "Salekhard-ch"]
[Site "Salekhard"]
[Date "2009.02.14"]
[Round "?"]
[White "Zhdanov, Andrey"]
[Black "Semenova, Anastasia"]
[Result "1/2-1/2"]
[WhiteElo "2044"]
[BlackElo "1840"]
[PlyCount "72"]
[EventDate "2009.02.12"]
[EventType "tourn"]
[EventRounds "11"]
[EventCountry "RUS"]
[SourceTitle "EXT 2022"]
[Source "ChessBase"]
[SourceDate "2021.10.06"]
[SourceVersion "1"]
[SourceVersionDate "2021.10.06"]
[SourceQuality "1"]

1. d4 c5 2. d5 e5 3. e4 d6 4. g3 Be7 5. Bg2 Bg5 6. Ne2 Bxc1 7. Qxc1 Ne7 8. 0-0 0-0 9. f4 exf4 10. gxf4 Ng6 11. Nbc3 f5 12. Ng3 a6 13. exf5 Nh4 14. Nce4 Nxg2 15. Kxg2 Bxf5 16. Nxf5 Rxf5 17. Ng5 Rxd5 18. Qe3 Qc8 19. Rae1 Rf5 20. Qh3 h6 21. Ne4 Qd7 22. Nxd6 Qc6+ 23. Kg1 Rf6 24. Re6 Nd7 25. Rfe1 Raf8 26. f5 Qd5 27. Qb3 c4 28. Qxc4 Qxc4 29. Nxc4 Rxf5 30. R1e2 Rf1+ 31. Kg2 R1f5 32. R6e3 Rg5+ 33. Rg3 Rxg3+ 34. hxg3 b5 35. Re7 Rf7 36. Re8+ Rf8 1/2-1/2

[Event "Salekhard-ch"]
[Site "Salekhard"]
[Date "2009.02.13"]
[Round "?"]
[White "Zhdanov, Andrey"]
[Black "Pranizin, Gennady"]
[Result "0-1"]
[WhiteElo "2044"]
[BlackElo "2038"]
[PlyCount "94"]
[EventDate "2009.02.12"]
[EventType "tourn"]
[EventRounds "11"]
[EventCountry "RUS"]
[SourceTitle "EXT 2022"]
[Source "ChessBase"]
[SourceDate "2021.10.06"]
[SourceVersion "1"]
[SourceVersionDate "2021.10.06"]
[SourceQuality "1"]

1. Nf3 d5 2. g3 Nf6 3. Bg2 e6 4. 0-0 Be7 5. d3 0-0 6. Nbd2 b6 7. e4 dxe4 8. dxe4 Bb7 9. e5 Nfd7 10. Qe2 c5 11. Rd1 Qc7 12. Nf1 Rd8 13. Bf4 Nc6 14. c3 Nf8 15. Ng5 Ng6 16. Qh5 Bxg5 17. Qxg5 h6 18. Qh5 Nxf4 19. gxf4 Ne7 20. Ne3 Ng6 21. Qg4 Bxg2 22. Kxg2 Qc6+ 23. Kg3 b5 24. Qf3 Qc7 25. Qe4 Rxd1 26. Rxd1 Rd8 27. Rd3 a6 28. a3 Kh7 29. Ng2 h5 30. Nh4 f5 31. Qe2 Nxf4 32. Kxf4 g5+ 33. Kf3 Rxd3+ 34. Qxd3 Qxe5 35. Qd7+ Kh6 36. Nxf5+ Qxf5+ 37. Kg2 Qd5+ 38. Qxd5 exd5 39. b4 cxb4 40. axb4 Kg6 41. Kf3 Kf5 42. h3 h4 43. Ke3 g4 44. hxg4+ Kxg4 45. f3+ Kg3 46. f4 h3 47. f5 h2 0-1

[Event "Salekhard-ch"]
[Site "Salekhard"]
[Date "2009.02.12"]
[Round "1"]
[White "Zolnikov, Stanislav"]
[Black "Zhdanov, Andrey"]
[Result "0-1"]
[WhiteElo "2002"]
[BlackElo "2044"]
[PlyCount "93"]
[EventDate "2009.02.12"]
[EventType "tourn"]
[EventRounds "11"]
[EventCountry "RUS"]
[SourceTitle "EXT 2022"]
[Source "ChessBase"]
[SourceDate "2021.10.06"]
[SourceVersion "1"]
[SourceVersionDate "2021.10.06"]
[SourceQuality "1"]

1. d4 Nf6 2. Nf3 g6 3. e3 Bg7 4. Bd3 0-0 5. 0-0 d6 6. Nbd2 Nc6 7. c3 e5 8. Qc2 Nd5 9. Bc4 Nb6 10. Bd3 f5 11. dxe5 dxe5 12. e4 f4 13. h3 h5 14. Be2 Qf6 15. Nh2 Rd8 16. Rd1 Be6 17. b3 Qf7 18. f3 Bf8 19. Ndf1 Rxd1 20. Bxd1 a5 21. a4 Bc5+ 22. Kh1 Rd8 23. Rb1 Qe7 24. Bd2 Qg5 25. g4 Qh4 26. b4 Bf2 27. Kg2 Nc4 28. Bxf4 Na3 29. Qc1 exf4 30. Qxa3 Be3 31. Qb2 Rd2+ 32. Qxd2 Bxd2 33. Nxd2 Qg3+ 34. Kh1 axb4 35. cxb4 Ne5 36. Bb3 Bxb3 37. Rxb3 Qxh3 38. gxh5 gxh5 39. Rc3 Qg3 40. Rxc7 Qe1+ 41. Nhf1 Nxf3 42. Nxf3 Qxf1+ 43. Ng1 f3 44. Rc2 f2 45. Rc8+ Kf7 46. Rc7+ Ke6 47. Rg7 0-1

[Event "Salekhard Rating"]
[Site "Salekhard"]
[Date "2008.05.01"]
[Round "1"]
[White "Rechapov, Nikolay"]
[Black "Zhdanov, Andrey"]
[Result "0-1"]
[WhiteElo "1989"]
[BlackElo "2005"]
[PlyCount "60"]
[EventDate "2008.05.01"]
[EventType "tourn"]
[EventRounds "10"]
[EventCountry "RUS"]
[SourceTitle "EXT 2022"]
[Source "ChessBase"]
[SourceDate "2021.10.06"]
[SourceVersion "1"]
[SourceVersionDate "2021.10.06"]
[SourceQuality "1"]

1. e4 c5 2. Nf3 e6 3. d4 cxd4 4. Nxd4 Nf6 5. Bd3 Nc6 6. Nxc6 bxc6 7. 0-0 d5 8. Nd2 Be7 9. Qe2 0-0 10. e5 Nd7 11. c3 Nc5 12. Bc2 Ba6 13. c4 dxc4 14. Qg4 Qd5 15. Nf3 Kh8 16. Bf4 Nd3 17. Rfd1 f5 18. exf6 gxf6 19. Be3 Rg8 20. Qh3 e5 21. b3 Rad8 22. bxc4 Bxc4 23. Ne1 e4 24. g3 Bb4 25. Ng2 Qd7 26. Qh4 Qf5 27. Bxd3 Bxd3 28. Nf4 Rg4 29. Qh6 Bf8 30. Qh3 Rxf4 0-1